Development with dignity: (Record no. 16776)

MARC details
000 -LEADER
fixed length control field 01630nam a2200277 a 4500
005 - DATE AND TIME OF LATEST TRANSACTION
control field 20070314083947.0
008 - FIXED-LENGTH DATA ELEMENTS--GENERAL INFORMATION
fixed length control field 060818s2006 ii a | 001 0beng
010 ## - LCCN (DPL NO)
LC control number B-268570-574
020 ## - INTERNATIONAL STANDARD BOOK NUMBER
International Standard Book Number 9788123745978
Terms of availability 200.00
035 ## - SYSTEM CONTROL NUMBER
System control number B-268570-574
040 ## - CATALOGING SOURCE
Original cataloging agency dpl
Language of cataloging English
082 ## - DEWEY DECIMAL CLASSIFICATION NUMBER
Classification number 331.125
100 ## - MAIN ENTRY--PERSONAL NAME
Personal name Bhaduri, Amit
245 ## - TITLE STATEMENT
Title Development with dignity:
Statement of responsibility, etc by Amit Bhaduri
Remainder of title a case for full employment /
260 ## - PUBLICATION, DISTRIBUTION, ETC. (IMPRINT)
Place of publication, distribution, etc New Delhi
Name of publisher, distributor, etc National Book Trust
Date of publication, distribution, etc 2007(repr.).
300 ## - PHYSICAL DESCRIPTION
Extent x, 107 p.
Dimensions 22 cm (Hb)
490 ## - SERIES STATEMENT
Series statement Popular social science
600 ## - SUBJECT ADDED ENTRY--PERSONAL NAME
Personal name Gandhi, Indira,
942 ## - ADDED ENTRY ELEMENTS (KOHA)
Source of classification or shelving scheme Dewey Decimal Classification
Item type English Books
Classification part 331.125
Call number suffix BHA
Holdings
Withdrawn status Lost status Source of classification or shelving scheme Damaged status Not for loan Collection code Home library Current library Date acquired Source of acquisition Cost, normal purchase price Total Checkouts Full call number Barcode Date last seen Copy number Cost, replacement price Koha item type
    Dewey Decimal Classification     Non-fiction Central Library Central Library 12/11/2008 North India/N122/08/22.5.08/104/30.10.07/5.6.08 200.00   331.125 BHA B-268570 12/11/2008 1 200.00 English Books
    Dewey Decimal Classification     Non-fiction Karol Bagh Karol Bagh 12/11/2008   200.00   331.125 BHA B-268573 12/11/2008 1 200.00 English Books
    Dewey Decimal Classification     Non-fiction Patel Nagar Patel Nagar 12/11/2008   200.00   331.125 BHA B-268571 12/11/2008 1 200.00 English Books
    Dewey Decimal Classification     Non-fiction Sarojini Nagar Sarojini Nagar 12/11/2008   200.00   331.125 BHA B-268572 12/11/2008 1 200.00 English Books
    Dewey Decimal Classification     Non-fiction Shahdara Branch Shahdara Branch 12/11/2008   200.00 1 331.125 BHA B-268574 21/08/2019 1 200.00 English Books

© Delhi Public Library
Hit Counter
free hit counter